[Event "British Championship"]
[Site "?"]
[Date "2009.08.05"]
[Round "9.11"]
[White "Cobb, James"]
[Black "Sugden, John N"]
[Result "1/2-1/2"]
[WhiteElo "2432"]
[BlackElo "2217"]
[PlyCount "88"]
[EventDate "2009.07.27"]

1. d4 Nf6 2. Nf3 c5 3. d5 d6 4. c4 e5 5. Nc3 Be7 6. e4 O-O 7. h3 Ne8 8. Bd3 g6
9. Bh6 Ng7 10. g4 Nd7 11. Qd2 Nf6 12. O-O-O a6 13. Rhg1 Bd7 14. Bb1 Qa5 15. Bg5
b5 16. Bh4 Kh8 17. Bxf6 Bxf6 18. Qh6 Be7 19. h4 f6 20. g5 fxg5 21. Nxg5 Bxg5+
22. Rxg5 Be8 23. h5 Kg8 24. Rf1 Rf3 25. Rg3 Rxg3 26. fxg3 Qd8 27. Nd1 Ra7 28.
Ne3 Rf7 29. Rxf7 Bxf7 30. hxg6 hxg6 31. cxb5 axb5 32. Ng4 Nh5 33. Qe3 Qe7 34.
Bd3 b4 35. Be2 Kg7 36. Qh6+ Kg8 37. Qe3 Kg7 38. a4 bxa3 39. bxa3 Qa7 40. Kb2
Qb6+ 41. Ka2 Qa5 42. Bd1 Be8 43. Qh6+ Kg8 44. Qe3 Kg7 1/2-1/2

[Event "British Championship"]
[Site "?"]
[Date "2009.08.05"]
[Round "9.12"]
[White "Constantinou, Peter"]
[Black "Houska, Jovanka"]
[Result "1/2-1/2"]
[WhiteElo "2264"]
[BlackElo "2392"]
[PlyCount "66"]
[EventDate "2009.07.27"]

1. d4 d5 2. Bf4 Nf6 3. e3 c5 4. c3 Qb6 5. Qb3 Nc6 6. Nd2 g6 7. Ngf3 Bg7 8. h3
O-O 9. Be2 c4 10. Qxb6 axb6 11. O-O b5 12. a3 h6 13. Bh2 g5 14. Ne5 Ne8 15. Bf3
Nxe5 16. Bxe5 Bxe5 17. dxe5 Nc7 18. Be2 f6 19. exf6 Rxf6 20. e4 Be6 21. exd5
Bxd5 22. Bf3 Bc6 23. Rad1 Rd8 24. Bxc6 bxc6 25. Ne4 Rff8 26. Rxd8 Rxd8 27. f4
Rd5 28. fxg5 hxg5 29. Kf2 Ne6 30. g3 Kg7 31. Ke2 Kg6 32. Rf2 Ng7 33. Rf8 Re5
1/2-1/2

[Event "British Championship"]
[Site "?"]
[Date "2009.08.05"]
[Round "9.13"]
[White "Griffiths, Ryan Rhys"]
[Black "Lane, Gary"]
[Result "0-1"]
[WhiteElo "2137"]
[BlackElo "2379"]
[PlyCount "74"]
[EventDate "2009.07.27"]

1. e4 e5 2. Nf3 Nc6 3. Nc3 Nf6 4. g3 d5 5. exd5 Nxd5 6. Bg2 Nxc3 7. bxc3 Bd6 8.
O-O O-O 9. Rb1 Rb8 10. d4 h6 11. Re1 Qf6 12. Nd2 Bf5 13. Ne4 Qg6 14. Nxd6 Bxc2
15. Be4 Bxd1 16. Bxg6 fxg6 17. Nc4 Bc2 18. Rb2 Bd3 19. Nxe5 Nxe5 20. Rxe5 g5
21. f4 gxf4 22. Bxf4 g5 23. Re3 Bc4 24. Bxc7 Rf1+ 25. Kg2 Rbf8 26. g4 Bd5+ 27.
Kh3 R1f3+ 28. Rxf3 Rxf3+ 29. Bg3 Rxc3 30. Rb5 Bc6 31. Ra5 a6 32. Rc5 Rd3 33.
Rc4 Rd2 34. Be5 Rxa2 35. Kg3 Rg2+ 36. Kh3 Rg1 37. Rc3 Bb5 0-1

[Event "British Championship"]
[Site "?"]
[Date "2009.08.05"]
[Round "9.14"]
[White "Birtwistle, Nigel"]
[Black "Rudd, Jack"]
[Result "0-1"]
[WhiteElo "2186"]
[BlackElo "2326"]
[PlyCount "82"]
[EventDate "2009.07.27"]

1. e4 d6 2. d4 g6 3. c4 Bg7 4. Nc3 Nf6 5. Nge2 Nc6 6. d5 Na5 7. Ng3 c5 8. Be2
O-O 9. O-O e6 10. h3 Re8 11. Bf4 a6 12. Qd2 b6 13. Bh6 Bh8 14. Rae1 Ra7 15. Bd3
exd5 16. exd5 Rae7 17. Rxe7 Rxe7 18. Bg5 Re5 19. f4 Rxg5 20. fxg5 Nd7 21. Nce4
Be5 22. b3 Nb7 23. Kh1 Qe7 24. Qe2 Qf8 25. Qf3 Nd8 26. Qg4 h5 27. Nxh5 gxh5 28.
Qf5 Qg7 29. Nf6+ Nxf6 30. Qxc8 Qxg5 31. Rf5 Qg3 32. Qxd8+ Kg7 33. Rxe5 dxe5 34.
Bf5 Qf2 35. Qc8 e4 36. d6 e3 37. Bd3 e2 38. Bxe2 Qxe2 39. d7 Qd1+ 40. Kh2 Qxd7
41. Qxa6 Qd6+ 0-1

[Event "British Championship"]
[Site "?"]
[Date "2009.08.05"]
[Round "9.15"]
[White "Fitzsimons, David"]
[Black "Hanley, James L"]
[Result "1-0"]
[WhiteElo "2186"]
[BlackElo "2326"]
[PlyCount "107"]
[EventDate "2009.07.27"]

1. e4 c5 2. Nf3 e6 3. d4 cxd4 4. Nxd4 Nc6 5. Nc3 Qc7 6. Be3 a6 7. Be2 Nf6 8. a3
Be7 9. f4 d6 10. g4 Nxd4 11. Qxd4 O-O 12. g5 Nd7 13. O-O Rd8 14. f5 Ne5 15. Rf2
Bd7 16. Raf1 Rac8 17. Kh1 Bc6 18. f6 Bf8 19. Bf4 Ng6 20. Bg3 Qa5 21. fxg7 Bxg7
22. Qe3 d5 23. exd5 exd5 24. Qd3 d4+ 25. Ne4 Qxg5 26. Kg1 Qe3 27. Nd6 Rxd6 28.
Bxd6 Bb5 29. Qf5 Rd8 30. Bxb5 axb5 31. Qxf7+ Kh8 32. Bg3 d3 33. cxd3 Qxd3 34.
Kh1 Bd4 35. Rf3 Qe4 36. Qf5 Qc6 37. Bf2 Bxb2 38. Kg1 Rf8 39. Qxf8+ Nxf8 40.
Rxf8+ Kg7 41. Be3 Qg6+ 42. Kh1 Qe4+ 43. R8f3 Bxa3 44. Rg1+ Kh8 45. Rg2 Bd6 46.
Bc1 Qb1 47. Rf1 Ba3 48. Rfg1 Qe4 49. Bxa3 h5 50. Rf1 h4 51. Bb2+ Kh7 52. h3 Qd5
53. Re1 Qf5 54. Re7+ 1-0

[Event "British Championship"]
[Site "?"]
[Date "2009.08.05"]
[Round "9.16"]
[White "Zhou, Yang-Fan"]
[Black "Varnam, Liam"]
[Result "1-0"]
[WhiteElo "2265"]
[BlackElo "2167"]
[PlyCount "89"]
[EventDate "2009.07.27"]

1. e4 e5 2. Nf3 Nc6 3. Bc4 Nf6 4. d3 Be7 5. O-O O-O 6. Re1 d6 7. a4 Bg4 8. h3
Bxf3 9. Qxf3 Nd4 10. Qd1 c6 11. c3 Ne6 12. Bb3 Qc7 13. Nd2 d5 14. Nf3 Bd6 15.
a5 Rae8 16. Nh4 Nf4 17. Qf3 Qd7 18. Nf5 Bc7 19. g3 N4h5 20. Be3 Kh8 21. Bc5 Rg8
22. Bxa7 Qe6 23. Bb6 Bxb6 24. axb6 g6 25. Nh4 Qxh3 26. Ra7 Nf4 27. gxf4 Qxh4
28. Qg3 Qxf4 29. Qxf4 exf4 30. Rxb7 Rb8 31. Rxf7 Rxb6 32. Rxf6 Rxb3 33. Rxc6
Re8 34. e5 Rxb2 35. Kg2 f3+ 36. Kxf3 Kg7 37. Rc7+ Kg8 38. Kg3 Rb6 39. f4 Rb3
40. d4 Rb5 41. Ra1 Rb3 42. Ra6 Rf8 43. Raa7 Rfb8 44. e6 R3b6 45. Rg7+ 1-0

[Event "British Championship"]
[Site "?"]
[Date "2009.08.05"]
[Round "9.17"]
[White "Kolbus, Dietmar"]
[Black "Mueller, Jan"]
[Result "1/2-1/2"]
[WhiteElo "2383"]
[BlackElo "2149"]
[PlyCount "112"]
[EventDate "2009.07.27"]

1. d4 d5 2. c4 Nc6 3. Nf3 e5 4. dxe5 d4 5. g3 Nge7 6. Bg2 Ng6 7. O-O Ngxe5 8.
Nxe5 Nxe5 9. Bf4 Ng6 10. Bd2 Be7 11. Bb4 c5 12. Ba3 O-O 13. Nd2 Qc7 14. Qc2 f5
15. f4 Bd6 16. Rae1 Re8 17. e3 dxe3 18. Nb1 Nxf4 19. gxf4 Bxf4 20. Kh1 Bg5 21.
Nc3 Qe5 22. b3 f4 23. Bb2 Bf5 24. Qe2 Qd6 25. Rd1 Qh6 26. Bxb7 Rad8 27. Bf3 Bh4
28. Rxd8 Rxd8 29. Rd1 Re8 30. Rd5 Rf8 31. Rxc5 Bf2 32. Rd5 Qg6 33. Rd1 Bc2 34.
Nd5 Bxd1 35. Qxd1 Qg5 36. Qf1 Re8 37. Nc3 h5 38. h3 Rd8 39. Ne4 Qe7 40. Nxf2
exf2 41. Qxf2 Rd3 42. Bc1 Rxf3 43. Qxf3 Qe1+ 44. Kg2 Qxc1 45. Qd5+ Kf8 46. Qa8+
Kf7 47. Qxa7+ Kg6 48. Qb6+ Kh7 49. h4 Qd1 50. Qf2 Qg4+ 51. Kh2 f3 52. c5 Qf4+
53. Kg1 Qc1+ 54. Kh2 Qf4+ 55. Kg1 Qc1+ 56. Kh2 Qf4+ 1/2-1/2

[Event "British Championship"]
[Site "?"]
[Date "2009.08.05"]
[Round "9.19"]
[White "Lalic, Susan"]
[Black "Shaw, Peter"]
[Result "1/2-1/2"]
[WhiteElo "2334"]
[BlackElo "2123"]
[PlyCount "113"]
[EventDate "2009.07.27"]

1. e4 e6 2. d4 d5 3. Nc3 Nf6 4. Bg5 Bb4 5. e5 h6 6. Bd2 Bxc3 7. bxc3 Ne4 8. Qg4
g6 9. Bd3 Nxd2 10. Kxd2 c5 11. Nf3 Nc6 12. Qf4 cxd4 13. cxd4 Qa5+ 14. c3 b6 15.
Qf6 Rg8 16. a4 Ba6 17. Bb5 Bxb5 18. axb5 Qxb5 19. Rhb1 Qc4 20. Rxb6 Nd8 21. Rb4
Qc7 22. Ne1 Rb8 23. Nd3 Nc6 24. Rxb8+ Qxb8 25. Ra2 Qc7 26. Nc5 Na5 27. Kc2 Nc4
28. Ra6 Nb6 29. Ra3 Nd7 30. Nxd7 Qxd7 31. Rb3 Qc7 32. Rb5 Kf8 33. h4 Rg7 34.
Rc5 Qd7 35. Qf3 Kg8 36. c4 dxc4 37. Rxc4 Kh7 38. Qc6 Qe7 39. g3 Rg8 40. Qc7 Re8
41. Qxe7 Rxe7 42. Ra4 h5 43. Kd3 Kg7 44. Ke4 Rd7 45. f3 Rb7 46. Kf4 Rd7 47. Kg5
Rd5 48. g4 hxg4 49. fxg4 a5 50. Kf4 Rb5 51. Ke4 Rb1 52. Rxa5 Rh1 53. Kf4 Rxh4
54. Ra7 Rh1 55. Kg5 Rd1 56. Rd7 Rd2 57. Kf4 1/2-1/2

[Event "British Championship"]
[Site "?"]
[Date "2009.08.05"]
[Round "9.20"]
[White "Briscoe, Christopher"]
[Black "Raoof, Adam"]
[Result "1/2-1/2"]
[WhiteElo "2268"]
[BlackElo "2144"]
[PlyCount "57"]
[EventDate "2009.07.27"]

1. d4 e6 2. e4 d5 3. e5 b6 4. c3 Qd7 5. Nf3 Ba6 6. Bxa6 Nxa6 7. Qe2 Nb8 8. O-O
c5 9. c4 cxd4 10. Rd1 Nc6 11. cxd5 exd5 12. Nxd4 Nxd4 13. Rxd4 Bc5 14. Rd3 Ne7
15. Bg5 d4 16. Nc3 h6 17. Bd2 a5 18. Rd1 Qc6 19. Ne4 Kf8 20. a3 a4 21. Bb4 Rd8
22. Rc1 Rd5 23. Nd6 Ng6 24. Qe4 Nxe5 25. Bxc5 bxc5 26. Nf5 Nxd3 27. Qe7+ Kg8
28. Qe4 Kf8 29. Qe7+ 1/2-1/2

[Event "British Championship"]
[Site "?"]
[Date "2009.08.05"]
[Round "9.21"]
[White "White, Michael"]
[Black "Bonafont, Philip"]
[Result "1-0"]
[WhiteElo "2259"]
[BlackElo "2124"]
[PlyCount "63"]
[EventDate "2009.07.27"]

1. e4 c5 2. Nf3 d6 3. d4 cxd4 4. Nxd4 Nf6 5. Nc3 a6 6. Qf3 g6 7. h3 Bg7 8. Be3
Nc6 9. g4 Bd7 10. O-O-O O-O 11. Qg3 Rc8 12. f4 Nxd4 13. Bxd4 Bc6 14. Qe3 b5 15.
g5 Nd7 16. h4 e5 17. fxe5 Nxe5 18. Kb1 Qc7 19. a3 Rfe8 20. h5 d5 21. hxg6 hxg6
22. Qh3 Bb7 23. Qh7+ Kf8 24. Bd3 dxe4 25. Nxe4 Bxe4 26. Bxe4 Re6 27. Rhf1 a5
28. c3 b4 29. axb4 axb4 30. cxb4 Qe7 31. Bd5 Rd6 32. Bxf7 1-0

[Event "British Championship"]
[Site "?"]
[Date "2009.08.05"]
[Round "9.22"]
[White "Sen, Subin"]
[Black "Ynojosa, Felix"]
[Result "0-1"]
[WhiteElo "2093"]
[BlackElo "2188"]
[PlyCount "140"]
[EventDate "2009.07.27"]

1. Nf3 Nf6 2. c4 g6 3. g3 Bg7 4. Bg2 O-O 5. O-O d6 6. d4 Nc6 7. Nc3 e5 8. d5
Ne7 9. e4 Bg4 10. Qb3 Bxf3 11. Bxf3 Qc8 12. Bg2 Nh5 13. Qd1 a6 14. Rb1 Qe8 15.
b4 f5 16. c5 Nf6 17. f3 h5 18. Ba3 Bh6 19. Qd3 h4 20. b5 hxg3 21. hxg3 fxe4 22.
Nxe4 Nf5 23. cxd6 Nxe4 24. fxe4 Nxd6 25. Rxf8+ Bxf8 26. b6 Nb5 27. Bxf8 Qxf8
28. bxc7 Qc5+ 29. Kh2 Kg7 30. Rf1 Rh8+ 31. Bh3 Qxc7 32. Qf3 Qe7 33. Kg2 Rf8 34.
Qxf8+ Qxf8 35. Rxf8 Kxf8 36. Kf3 a5 37. Ke3 Nc3 38. a3 Nb5 39. a4 Nc3 40. Bc8
Nxa4 41. Bxb7 Ke7 42. Ba6 Kd6 43. Bd3 Kc5 44. Bc2 Nb6 45. Kd3 Kb4 46. Bd1 Nc4
47. Kc2 Nd6 48. Bf3 g5 49. Kb2 a4 50. Ka2 Nb5 51. Kb2 a3+ 52. Ka2 Kc5 53. g4
Kd4 54. Bg2 Ke3 55. Bf1 Nc3+ 56. Kxa3 Nxe4 57. Bg2 Nd6 58. Kb4 Kd4 59. Kb3 e4
60. Kc2 Kxd5 61. Kd2 Nc4+ 62. Ke2 Ke5 63. Kf2 Kf4 64. Bh3 Ne3 65. Ke2 Kg3 66.
Kxe3 Kxh3 67. Kxe4 Kxg4 68. Ke3 Kg3 69. Ke2 Kg2 70. Ke1 g4 0-1

[Event "British Championship"]
[Site "?"]
[Date "2009.08.05"]
[Round "9.23"]
[White "Reynolds, D Ian W"]
[Black "Lewis, Andrew P"]
[Result "1/2-1/2"]
[WhiteElo "2092"]
[BlackElo "2281"]
[PlyCount "83"]
[EventDate "2009.07.27"]

1. e4 c5 2. c3 Nf6 3. e5 Nd5 4. Nf3 Nc6 5. Bc4 Nb6 6. Bb3 c4 7. Bc2 Qc7 8. Qe2
g5 9. e6 dxe6 10. Nxg5 Qe5 11. d4 Qxe2+ 12. Kxe2 e5 13. dxe5 Nxe5 14. a4 Nd3
15. Bxd3 cxd3+ 16. Kxd3 Rg8 17. g3 Bf5+ 18. Ke2 f6 19. Nf3 e5 20. a5 Nd7 21.
Be3 O-O-O 22. b4 e4 23. Nd4 Bg4+ 24. Kd2 Ne5 25. Kc2 Rg7 26. Nd2 Rc7 27. Nb5
Rcd7 28. Nxa7+ Kb8 29. Nb5 Rc8 30. Kb3 Be6+ 31. Ka4 Rd3 32. Nxe4 Bd5 33. Ba7+
Ka8 34. Rhe1 Bc6 35. Bd4 Nc4 36. Nc5 Rd2 37. Nb3 Rc2 38. Rec1 Nb2+ 39. Ka3 Nc4+
40. Ka4 Nb2+ 41. Ka3 Nc4+ 42. Ka4 1/2-1/2

[Event "British Championship"]
[Site "?"]
[Date "2009.08.05"]
[Round "9.24"]
[White "Surtees, Michael"]
[Black "Addison, Bret"]
[Result "0-1"]
[WhiteElo "2149"]
[BlackElo "2266"]
[PlyCount "62"]
[EventDate "2009.07.27"]

1. e4 e5 2. a3 Nf6 3. d3 d5 4. f4 Nc6 5. fxe5 Nxe5 6. d4 Neg4 7. exd5 Nxd5 8.
Qe2+ Be7 9. h3 O-O 10. hxg4 Re8 11. Kd1 Bh4 12. Qd2 c5 13. Be2 Ne3+ 14. Qxe3
Rxe3 15. Bxe3 cxd4 16. Bd2 Bf2 17. a4 Bxg1 18. Rxg1 Qb6 19. Bb5 a6 20. Re1
Bxg4+ 21. Kc1 axb5 22. axb5 Rc8 23. Ra4 h5 24. Na3 Qf6 25. Nc4 Bd7 26. Rb4 Qg6
27. b6 Be6 28. Na3 d3 29. c3 Qxg2 30. Nb5 Ra8 31. Kb1 Qxd2 0-1

[Event "British Championship"]
[Site "?"]
[Date "2009.08.05"]
[Round "9.25"]
[White "McPhillips, Karl"]
[Black "Salimbeni, George"]
[Result "0-1"]
[WhiteElo "2231"]
[BlackElo "2115"]
[PlyCount "126"]
[EventDate "2009.07.27"]

1. d4 Nf6 2. c4 g6 3. Nc3 d5 4. cxd5 Nxd5 5. Bd2 Bg7 6. e4 Nb6 7. Be3 O-O 8.
Bb5 Qd6 9. Nf3 Rd8 10. e5 Qb4 11. Rb1 Be6 12. a3 Qb3 13. Qxb3 Bxb3 14. Nd2 Bd5
15. Nde4 c6 16. Be2 N8d7 17. O-O Bxe4 18. Nxe4 Nd5 19. e6 fxe6 20. Bg4 Nf8 21.
Nc5 e5 22. dxe5 Nxe3 23. fxe3 Rd5 24. b4 b6 25. Ne6 Rxe5 26. Nxg7 Kxg7 27. Rbc1
h5 28. Bf3 Rc8 29. Bxc6 Rxe3 30. a4 Rd8 31. Rf2 Nh7 32. Bf3 Nf6 33. Rc7 Re1+
34. Rf1 Rxf1+ 35. Kxf1 Rd7 36. Rxd7 Nxd7 37. Ke2 Kf6 38. Ba8 Ke5 39. Kd3 h4 40.
Kc4 Nb8 41. Bf3 g5 42. Be2 Nc6 43. Bd3 e6 44. Kb5 Nb8 45. Kc4 Kf4 46. Bg6 Ke5
47. Bh5 Kd6 48. Bg6 a6 49. Bd3 Nc6 50. Kc3 a5 51. bxa5 bxa5 52. Be2 Ke5 53. Bg4
Nd4 54. Kd3 Kd5 55. Bh5 e5 56. Bf7+ Ne6 57. Ke3 Kd6 58. Ke4 Nc5+ 59. Kf5 e4 60.
Kxg5 e3 61. Bc4 Nxa4 62. Kf4 Nb6 63. Be2 a4 0-1

[Event "British Championship"]
[Site "?"]
[Date "2009.08.05"]
[Round "9.26"]
[White "Burrows, Martin"]
[Black "Jones, William EG"]
[Result "1/2-1/2"]
[WhiteElo "2209"]
[BlackElo "2052"]
[PlyCount "48"]
[EventDate "2009.07.27"]

1. e4 c5 2. Nf3 d6 3. d4 cxd4 4. Nxd4 Nf6 5. Nc3 a6 6. Bc4 e6 7. Bb3 Nbd7 8. f4
Nc5 9. O-O b5 10. e5 dxe5 11. fxe5 Nxb3 12. axb3 Bc5 13. Ncxb5 axb5 14. Rxa8
Bxd4+ 15. Kh1 Bxe5 16. Qe2 Nd7 17. Bg5 Qc7 18. Qxb5 f6 19. Be3 O-O 20. Rd1 Nb8
21. c4 Bd7 22. Qb4 Re8 23. Ra7 Qc6 24. Qd2 Bc8 1/2-1/2

[Event "British Championship"]
[Site "?"]
[Date "2009.08.05"]
[Round "9.27"]
[White "Jones, Victor GL"]
[Black "Ross, Chris"]
[Result "0-1"]
[WhiteElo "2076"]
[BlackElo "2203"]
[PlyCount "84"]
[EventDate "2009.07.27"]

1. e4 c5 2. Nf3 e6 3. d4 cxd4 4. Nxd4 Nc6 5. Nc3 Qc7 6. Be3 a6 7. Qd2 Nf6 8.
O-O-O Bb4 9. f3 Ne5 10. Nb3 b5 11. Kb1 Nc4 12. Bxc4 bxc4 13. Nc1 Rb8 14. g4 d6
15. Ka1 Qa5 16. N1e2 O-O 17. h4 Nd7 18. g5 Nb6 19. Bxb6 Qxb6 20. Rh2 Qb7 21. h5
d5 22. Rb1 dxe4 23. fxe4 Qc7 24. Rg2 Bb7 25. Qe3 Bc5 26. Qh3 Qe5 27. Qg4 Bc6
28. g6 fxg6 29. hxg6 h6 30. Rh1 Rb7 31. Rgh2 Be3 32. Rh5 Qf6 33. Qh3 Bd2 34. e5
Qxg6 35. Rg1 Qxc2 36. Qxe6+ Kh8 37. Rb1 Rf1 38. Qc8+ Kh7 39. Qxb7 Rxb1+ 40.
Nxb1 Bxb7 41. Nd4 Qd1 42. Rh4 Bg5 0-1

[Event "British Championship"]
[Site "?"]
[Date "2009.08.05"]
[Round "9.28"]
[White "Galliano, Alex"]
[Black "Khandelwal, Ankush"]
[Result "0-1"]
[WhiteElo "2050"]
[BlackElo "2160"]
[PlyCount "98"]
[EventDate "2009.07.27"]

1. e4 e5 2. Nf3 Nc6 3. Bc4 Nf6 4. d4 exd4 5. O-O Bc5 6. e5 d5 7. exf6 dxc4 8.
Re1+ Be6 9. Ng5 Qd5 10. Nc3 Qf5 11. Nce4 O-O-O 12. g4 Qe5 13. Nxe6 fxe6 14.
fxg7 Rhg8 15. Bh6 d3 16. c3 Bb6 17. Kg2 d2 18. Re2 Ne7 19. f4 Qd5 20. h4 Nf5
21. gxf5 exf5 22. Rxd2 Qxe4+ 23. Kh2 Qe6 24. Bg5 Rde8 25. Qf1 h6 26. Re1 Qg6
27. Rxe8+ Rxe8 28. Re2 Rg8 29. Re7 hxg5 30. Qxc4 Rxg7 31. Rxg7 Qxg7 32. hxg5
Qg6 33. Kg3 c6 34. Qb4 Kd7 35. Qf8 Bc7 36. Kf3 Qh5+ 37. Ke3 Qe8+ 38. Qxe8+ Kxe8
39. c4 Kf7 40. b3 Kg6 41. Kf3 Bd6 42. Kg3 Kh5 43. Kf3 Bf8 44. Kg3 Bg7 45. Kh3
Bf8 46. a4 Bd6 47. Kg3 a6 48. Kf3 Kh4 49. g6 Bf8 0-1

[Event "British Championship"]
[Site "?"]
[Date "2009.08.05"]
[Round "9.29"]
[White "Eden, Tomer"]
[Black "McClement, Andrew"]
[Result "1-0"]
[WhiteElo "2157"]
[BlackElo "1893"]
[PlyCount "80"]
[EventDate "2009.07.27"]

1. d4 Nf6 2. c4 e6 3. Nc3 Bb4 4. e3 d5 5. a3 Bd6 6. c5 Be7 7. b4 b6 8. Nf3 a5
9. Bb2 c6 10. Na4 Nfd7 11. b5 bxc5 12. dxc5 cxb5 13. Bxb5 Ba6 14. Qd3 Bxb5 15.
Qxb5 O-O 16. Rc1 Na6 17. c6 Ndc5 18. Nxc5 Nxc5 19. Rxc5 Bxc5 20. Qxc5 Ra6 21.
O-O Qc7 22. Rc1 Rb8 23. Qc3 f6 24. a4 Rbb6 25. Nd4 e5 26. Nb5 Qxc6 27. Qa3 Qd7
28. Rc7 Qd8 29. Qc5 Rb8 30. Ba3 Raa8 31. Qd6 Qxd6 32. Bxd6 Rc8 33. Kf1 Rxc7 34.
Bxc7 Kf7 35. Ke2 Ke6 36. Kd3 Kd7 37. f4 exf4 38. exf4 Kc6 39. Kd4 Re8 40. Bxa5
Re4+ 1-0

[Event "British Championship"]
[Site "?"]
[Date "2009.08.05"]
[Round "9.30"]
[White "Gill, Neville"]
[Black "Warman, Simon M"]
[Result "0-1"]
[WhiteElo "2111"]
[BlackElo "2156"]
[PlyCount "52"]
[EventDate "2009.07.27"]

1. d4 c5 2. d5 d6 3. c4 g6 4. e4 Nf6 5. Nc3 Bg7 6. Bd3 O-O 7. Bg5 h6 8. Bh4 e6
9. dxe6 Bxe6 10. f4 Re8 11. Nf3 Nc6 12. O-O Bg4 13. h3 Bxf3 14. Qxf3 Nd4 15.
Qf2 Qd7 16. Rae1 a6 17. e5 Nh5 18. Nd5 dxe5 19. fxe5 g5 20. Bg3 Nxg3 21. Qxg3
Re6 22. h4 gxh4 23. Qxh4 Rae8 24. Nf6+ Bxf6 25. exf6 Nf3+ 26. Rxf3 Qd4+ 0-1

[Event "British Championship"]
[Site "?"]
[Date "2009.08.05"]
[Round "9.31"]
[White "Hegarty, Sarah"]
[Black "Yeo, Michael J"]
[Result "0-1"]
[WhiteElo "2098"]
[BlackElo "2136"]
[PlyCount "114"]
[EventDate "2009.07.27"]

1. e4 Nf6 2. e5 Nd5 3. d4 d6 4. c4 Nb6 5. f4 dxe5 6. fxe5 Nc6 7. Be3 Bf5 8. Nc3
e6 9. Nf3 Qd7 10. d5 exd5 11. cxd5 Nb4 12. Nd4 Bg6 13. Bb5 c6 14. dxc6 bxc6 15.
Be2 N6d5 16. Nxd5 Nxd5 17. Bf2 Bb4+ 18. Kf1 O-O 19. a3 Bc5 20. Rc1 Bxd4 21.
Qxd4 Rfd8 22. Qg4 Qxg4 23. Bxg4 Nf4 24. Be3 Nd3 25. Rc3 Nxe5 26. Be2 Rd6 27.
Kg1 Be4 28. Bf4 Rg6 29. Rg3 Re8 30. Bh5 Rxg3 31. Bxg3 Nc4 32. h3 g6 33. Bg4 h5
34. Bd1 Nxb2 35. Bb3 Rd8 36. Bf4 Nd3 37. Be3 Ne1 38. Kh2 Nxg2 39. Bxa7 Nh4 40.
Rd1 Nf3+ 41. Kg3 Rxd1 42. Bxd1 Nd2 43. a4 Bd3 44. Kf4 Bf1 45. h4 f6 46. Ke3
Nc4+ 47. Kd4 Nd6 48. Kc3 c5 49. Bxc5 Ne4+ 50. Kd4 Nxc5 51. Kxc5 Kg7 52. Kd6 Kh6
53. Ke6 g5 54. hxg5+ fxg5 55. Ke5 Bg2 56. a5 h4 57. Bg4 h3 0-1

[Event "British Championship"]
[Site "?"]
[Date "2009.08.05"]
[Round "9.32"]
[White "Lemoir, David"]
[Black "Adair, James"]
[Result "1/2-1/2"]
[WhiteElo "2009"]
[BlackElo "2124"]
[PlyCount "80"]
[EventDate "2009.07.27"]

1. e4 c5 2. d3 Nc6 3. f4 g6 4. Nf3 Bg7 5. Be2 d6 6. O-O Nf6 7. c3 O-O 8. Na3
Rb8 9. Qe1 b5 10. Nc2 b4 11. c4 b3 12. Ne3 e6 13. g4 bxa2 14. Rxa2 Rb3 15. f5
Nd7 16. g5 f6 17. fxe6 Nde5 18. Nxe5 fxe5 19. Rxf8+ Bxf8 20. Nd5 Bxe6 21. Nf6+
Kh8 22. Qh4 Rb7 23. Bg4 Nd4 24. Be3 Bxg4 25. Qxg4 Bg7 26. Bxd4 exd4 27. Nd5 Be5
28. h4 Qf8 29. Kg2 Rf7 30. Qe2 h6 31. Ra1 Bf4 32. Nxf4 Rxf4 33. Rf1 Kg7 34. Rf2
a6 35. Rf1 h5 36. Rxf4 Qxf4 37. Qf2 Qxf2+ 38. Kxf2 Kf7 39. Kf3 Ke6 40. Kf4 Kd7
1/2-1/2

[Event "British Championship"]
[Site "?"]
[Date "2009.08.05"]
[Round "9.33"]
[White "Anderson, John"]
[Black "Tunks, Dominic"]
[Result "1-0"]
[WhiteElo "2248"]
[BlackElo "2083"]
[PlyCount "45"]
[EventDate "2009.07.27"]

1. e4 c5 2. Nf3 d6 3. d4 cxd4 4. Nxd4 Nf6 5. Nc3 Nc6 6. Bg5 e6 7. Qd2 a6 8.
O-O-O h6 9. Nxc6 bxc6 10. Bf4 d5 11. Qe3 Qa5 12. Be2 Bb4 13. Be5 Bxc3 14. Bxc3
Qxa2 15. Bf3 dxe4 16. Qc5 Qa1+ 17. Kd2 Qa4 18. Bxf6 gxf6 19. Be2 e5 20. Ke3 Rb8
21. Qd6 Rb3+ 22. cxb3 Qxb3+ 23. Kd2 1-0

[Event "British Championship"]
[Site "?"]
[Date "2009.08.05"]
[Round "9.34"]
[White "Green, Andrew"]
[Black "Garnett, John S"]
[Result "1-0"]
[WhiteElo "2203"]
[BlackElo "2059"]
[PlyCount "67"]
[EventDate "2009.07.27"]

1. e4 c5 2. Nf3 Nc6 3. Nc3 g6 4. d4 cxd4 5. Nxd4 Bg7 6. Be3 Nf6 7. Bc4 Qa5 8.
O-O O-O 9. Bb3 d6 10. h3 Bd7 11. Re1 Nxd4 12. Bxd4 Bc6 13. Nd5 Bxd5 14. exd5
Rfe8 15. Qf3 Nd7 16. Bxg7 Kxg7 17. Qg4 Nf6 18. Qd4 Rac8 19. Re3 Qc5 20. Qd2 e5
21. dxe6 fxe6 22. Bxe6 Qxc2 23. Qd4 Qc5 24. Qf4 Rcd8 25. Rae1 Rf8 26. b4 Qb6
27. Qh4 d5 28. Bg4 Rf7 29. Re7 Rdf8 30. Bf3 a5 31. R1e6 Qxb4 32. Qxf6+ Kg8 33.
Rxf7 Rxf7 34. Re8+ 1-0

[Event "British Championship"]
[Site "?"]
[Date "2009.08.05"]
[Round "9.36"]
[White "Rocks, Daniel"]
[Black "De Coverly, Roger"]
[Result "1/2-1/2"]
[WhiteElo "2037"]
[BlackElo "2127"]
[PlyCount "122"]
[EventDate "2009.07.27"]

1. e4 e5 2. Nf3 Nc6 3. Bb5 a6 4. Ba4 Nf6 5. O-O Be7 6. Re1 b5 7. Bb3 O-O 8. h3
d6 9. c3 h6 10. d4 Re8 11. Nbd2 Bf8 12. d5 Na5 13. Bc2 c6 14. b4 Nc4 15. Nxc4
bxc4 16. dxc6 Qc7 17. Ba4 Be6 18. Qe2 d5 19. exd5 Nxd5 20. Bd2 Nb6 21. Bc2 Bd5
22. Be4 Qxc6 23. Rad1 g6 24. Bxd5 Nxd5 25. Nxe5 Qc7 26. Qe4 Rad8 27. f4 Bg7 28.
Qc2 h5 29. g3 Bxe5 30. Rxe5 Rxe5 31. fxe5 Qxe5 32. Bf4 Qe6 33. Qd2 Rd7 34. Rf1
Nxf4 35. Qxf4 Qxh3 36. Re1 Rd8 37. Qc7 Rf8 38. Re4 Qf5 39. Qxc4 Qf3 40. Kh2 Rd8
41. Qe2 Qxc3 42. Re8+ Rxe8 43. Qxe8+ Kg7 44. Qe2 Qc6 45. Qe5+ Kh7 46. Qe2 Qd6
47. Qc4 Kg7 48. Kg2 g5 49. Qc3+ f6 50. Kf2 g4 51. a4 h4 52. gxh4 Qh2+ 53. Kf1
Qh1+ 54. Ke2 Qg2+ 55. Ke1 g3 56. Qc7+ Kg6 57. h5+ Kxh5 58. Qh7+ Kg5 59. Qg7+
Kf5 60. Qd7+ Kf4 61. Qc7+ Kg5 1/2-1/2

[Event "British Championship"]
[Site "?"]
[Date "2009.08.05"]
[Round "9.37"]
[White "Taylor, Geoffrey P"]
[Black "Smith, Graham M"]
[Result "1/2-1/2"]
[WhiteElo "2003"]
[BlackElo "2119"]
[PlyCount "46"]
[EventDate "2009.07.27"]

1. e4 c5 2. Nf3 e6 3. d4 cxd4 4. Nxd4 Nc6 5. Nc3 Qc7 6. Be3 a6 7. a4 Nf6 8. Be2
Bb4 9. O-O Bxc3 10. bxc3 Nxe4 11. Bd3 Nf6 12. Qd2 Nd5 13. Bg5 h6 14. Bh4 Qf4
15. Qxf4 Nxf4 16. Bg3 Nd5 17. Nxc6 dxc6 18. c4 Nb4 19. a5 Ke7 20. Bc7 Bd7 21.
c5 Nxd3 22. cxd3 Rae8 23. d4 f6 1/2-1/2

[Event "British Championship"]
[Site "?"]
[Date "2009.08.05"]
[Round "9.38"]
[White "McDonnell, James J"]
[Black "Littlewood, John Eric"]
[Result "0-1"]
[WhiteElo "2023"]
[BlackElo "2188"]
[PlyCount "66"]
[EventDate "2009.07.27"]

1. e4 e5 2. Nf3 d6 3. d4 exd4 4. Qxd4 a6 5. Bg5 Nc6 6. Qd2 Nf6 7. Nc3 h6 8. Bh4
Be7 9. Bg3 O-O 10. h3 b5 11. Bd3 Re8 12. O-O-O Be6 13. Kb1 Nb4 14. Bf1 Nxa2 15.
Nxa2 Nxe4 16. Qa5 Bf6 17. Bd3 Nc5 18. Rhe1 Qb8 19. Bf4 Qb7 20. Be3 Na4 21. b3
Nb2 22. Rc1 Nxd3 23. cxd3 Qd5 24. d4 Qxb3+ 25. Ka1 c5 26. Qd2 b4 27. Rb1 Qa4
28. Re2 b3 29. Qd1 Bc4 30. Reb2 cxd4 31. Bxd4 Rab8 32. Bxf6 Qa3 33. Nd4 bxa2
0-1